Govt. of
Madhya Pradesh

JOKING AROUND Tao Insight into Life (Record no. 67413)

MARC details
000 -LEADER
fixed length control field 00255nam a22001097a 4500
082 ## - DEWEY DECIMAL CLASSIFICATION NUMBER
Classification number 100
100 ## - MAIN ENTRY--AUTHOR NAME
Personal name OSHO
245 ## - TITLE STATEMENT
Title JOKING AROUND Tao Insight into Life
260 ## - PUBLICATION, DISTRIBUTION, ETC. (IMPRINT)
Place of publication Mumbai
Name of publisher Jaico Publishing House
Year of publication 2024
650 ## - SUBJECT ADDED ENTRY--TOPICAL TERM
Topical Term Philosophy
942 ## - ADDED ENTRY ELEMENTS (KOHA)
Koha item type Books
Holdings
Withdrawn status Lost status Damaged status Not for loan Home library Current library Date acquired Cost, normal purchase price Full call number Accession Number Price effective from Koha item type
        MACL MACL 22/10/2024 450.00 100 DPI002791 22/10/2024 Books